000 00548 a2200181 4500
003 Nust
005 20170207153440.0
010 _a 90200029
020 _a0434923362
040 _cNust
082 0 0 _a621.3981
100 1 _aStaugaard C. Andrew
245 1 0 _aMicroprocessor interfacing
_c Prof Andrew C Staugaard
260 _aOxford :
_bHeinemann Newnes,
_c1990.
300 _avii, 192 p. :
_bill. ;
_c23 cm.
505 _aIntroduction (Page-3),Course Objectives (Page-5),Course Outline (Page-7),Parts List (Page-17).
650 0 _aComputer interfaces.
942 _2ddc
_cBK
999 _c186483
_d186483